000 00782nam a2200277Ia 4500
003 OSt
005 20220918164001.0
006 a|||||r|||| 00| 0
007 ta
008 220917b |||||||| |||| 00| 0 eng d
020 _a0393091368X
024 _a226,721
037 _cTextual
040 _aARTS
_cARTS
_beng
041 _2eng
_aeng
082 _aO111,3M70,MC, L7
100 _aNorris Frank
_916395
245 0 _aMcteague
_b a story of San Francisco
260 _aNew York
_bW.W. Norton & co. USA
_c1977
300 _axi, 380p
_ccm.
490 _aA norton critical edition
650 _aENGLISH LITERATURE
700 _a Pizer Donald Ed.
_97346
942 _hO111,3M70,MC, L7
_cTEXL
_2CC
999 _c122456
_d122456